Statistics for JR北海道の本線の駅

Click here to take the quiz!

General Stats

  • This quiz has been taken 29 times
  • The average score is 118 of 298

Answer Stats

Answer% Correct
稚内
95%
南稚内
95%
旭川
95%
名寄
95%
89%
滝川
89%
札幌
89%
釧路
89%
新旭川
89%
根室
84%
東根室
84%
苫小牧
84%
小樽
84%
長万部
84%
深川
84%
網走
79%
旭川四条
79%
岩見沢
79%
五稜郭
79%
新函館北斗
79%
函館
79%
富良野
79%
音威子府
79%
天塩中川
79%
砂川
74%
抜海
74%
東釧路
74%
新得
74%
東室蘭
74%
帯広
74%
大沼公園
74%
大沼
74%
幌延
74%
厚岸
74%
鵡川
74%
上川
74%
和寒
74%
士別
74%
美唄
74%
留辺蘂
68%
北見
68%
南幌延
68%
雄信内
68%
糠南
68%
手稲
68%
天塩川温泉
68%
室蘭
68%
南小樽
68%
池田
68%
豊富
63%
洞爺
63%
小樽築港
63%
朝里
63%
八雲
63%
余市
63%
苗穂
63%
銭函
63%
知床斜里
63%
ニセコ
63%
白石
63%
遠軽
63%
比布
63%
小幌
63%
美深
63%
女満別
58%
ほしみ
58%
蘭留
58%
名寄高校
58%
石狩沼田
58%
大麻
58%
白滝
58%
東鹿越
58%
桑園
58%
釧路湿原
53%
東滝川
53%
柏林台
53%
蘭越
53%
昆布
53%
永山
53%
西女満別
53%
野幌
53%
剣淵
53%
白糠
53%
発寒
53%
発寒中央
53%
琴似
53%
追分
53%
江別
53%
白老
53%
七飯
53%
倶知安
53%
昆布盛
47%
栗山
47%
登別
47%
浦幌
47%
秩父別
47%
芽室
47%
西帯広
47%
北一已
47%
摩周
47%
妹背牛
47%
厚別
47%
塩狩
47%
星置
47%
芦別
42%
美幌
42%
西留辺蘂
42%
大楽毛
42%
新富士
42%
北永山
42%
比羅夫
42%
森林公園
42%
納内
42%
咲来
42%
浜厚真
42%
兜沼
42%
稲穂
42%
伊達紋別
42%
仁木
42%
十勝清水
42%
黒松内
42%
赤平
42%
標茶
42%
川湯温泉
42%
幾寅
42%
国縫
37%
浜小清水
37%
風連
37%
多寄
37%
母恋
37%
金山
37%
恩根内
37%
筬島
37%
近文
37%
沼ノ端
37%
茶内
37%
厚床
37%
桔梗
37%
丸瀬布
37%
原生花園
37%
呼人
32%
勇知
32%
小沢
32%
北浜
32%
静狩
32%
佐久
32%
銀山
32%
勇払
32%
32%
新吉野
32%
北秩父別
32%
落合
32%
茶志内
32%
光珠内
32%
峰延
32%
栗沢
32%
新大楽毛
32%
生田原
32%
音別
32%
二股
26%
赤井川
26%
塩谷
26%
高砂
26%
上幌向
26%
渡島砂原
26%
蘭島
26%
幌向
26%
幌別
26%
鷲別
26%
然別
26%
東森
26%
西北見
26%
遠矢
26%
浜中
26%
瑞穂
26%
智恵文
26%
幕別
26%
豊頃
21%
目名
21%
栗岡
21%
愛別
21%
志文
21%
東相内
21%
下金山
21%
熱郛
21%
厚内
21%
尾幌
21%
相内
21%
由仁
21%
上尾幌
21%
大成
21%
大中山
21%
庶路
21%
落石
21%
別保
21%
山部
21%
社台
21%
渡島沼尻
21%
豊浦
21%
豊幌
21%
江部乙
21%
奈井江
21%
日進
21%
本輪西
21%
上芦別
21%
東旭川
21%
藻琴
21%
布部
21%
西和田
21%
鹿部
21%
桂台
16%
愛し野
16%
山越
16%
黒岩
16%
札内
16%
塘路
16%
端野
16%
茂尻
16%
野花南
16%
細岡
16%
御影
16%
伊香牛
16%
愛山
16%
智北
16%
礼文
16%
当麻
16%
安平
16%
利別
16%
輪西
16%
初野
16%
豊沼
16%
問寒別
16%
中斜里
16%
武佐
16%
西庶路
16%
下沼
16%
駒ケ岳
16%
南永山
16%
柏陽
11%
緋牛内
11%
安足間
11%
穂積公園
11%
安国
11%
止別
11%
姉別
11%
清里町
11%
石倉
11%
錦岡
11%
糸井
11%
青葉
11%
早来
11%
北舟岡
11%
別当賀
11%
御崎
11%
仁山
11%
十弗
11%
門静
11%
落部
11%
野田生
11%
山崎
11%
北吉原
5%
荻野
5%
大岸
5%
鱒浦
5%
有珠
5%
桜岡
5%
崎守
5%
長和
5%
平岸
5%
黄金
5%
中愛別
5%
中ノ沢
5%
虎杖浜
5%
瀬戸瀬
5%
掛潤
0%
尾白内
0%
富浦
0%
古山
0%
竹浦
0%
遠浅
0%
三川
0%
札玄
0%
茅沼
0%
幾分内
0%
見留和
0%
稀府
0%

Score Distribution

Percentile by Number Answered

Percent of People with Each Score

Your Score History

You have not taken this quiz